000 00596cam a2200205 4500500
005 20260329004200.0
041 _afre
042 _adc
100 1 0 _aLacroix, Alexandre
_eauthor
245 0 0 _aLe faux dilemme du carburant
260 _c2018.
500 _a68
690 _aColère
690 _aEmmanuel Macron
690 _aEssence
690 _aFiscalité
690 _aGilets jaunes
786 0 _nPhilosophie magazine | 125 | 12 | 2018-12-01 | p. 6-6 | 1951-1787
856 4 1 _uhttps://shs.cairn.info/magazine-philosophie-magazine-2018-12-page-6?lang=fr&redirect-ssocas=7080
999 _c1831492
_d1831492